Police power and colonial rule : (Record no. 1308922)

MARC details
000 -LEADER
fixed length control field 01949nam a22002177a 4500
005 - DATE AND TIME OF LATEST TRANSACTION
control field 20250530122546.0
008 - FIXED-LENGTH DATA ELEMENTS--GENERAL INFORMATION
fixed length control field 250412b |||||||| |||| 00| 0 eng d
020 ## - INTERNATIONAL STANDARD BOOK NUMBER
International Standard Book Number 9789361776670
040 ## - CATALOGING SOURCE
Transcribing agency SDCL
084 ## - COLON CLASSIFICATION NUMBER
Classification number V211:28'M R4
100 ## - MAIN ENTRY--PERSONAL NAME
Personal name Arnold, David
245 ## - TITLE STATEMENT
Title Police power and colonial rule :
Remainder of title Madras, 1859-1947
250 ## - EDITION STATEMENT
Edition statement 2nd rev. ed.
260 ## - PUBLICATION, DISTRIBUTION, ETC.
Place of publication, distribution, etc. Delhi :
Name of publisher, distributor, etc. Primus Books,
Date of publication, distribution, etc. 2024.
300 ## - PHYSICAL DESCRIPTION
Extent xiv, 391p.
520 ## - SUMMARY, ETC.
Summary, etc. Police Power and Colonial Rule analyses the increasing deployment and growing authority of the police in the Madras Presidency of British India, demonstrating the centrality of policing to the colonial regime and its legacies. Beginning with the formation of a colonial constabulary in 1859, the book examines the evolving organization and structure of the force, its racial hierarchies, and response to rapidly changing political and social conditions that led up to Indian independence. Based on cutting-edge research, this work explores the contested role of the police in combating nationalist opposition and labour militancy, and shows how the police, through the formation and expansion of armed units, replaced the military in enforcing internal order and suppressing anti-colonial resistance. The book also examines the impact of colonial policing on both rural and urban society in south India and discusses how nationalists opposed police brutality while ultimately seeking ascendancy over the force. Grounded in India's colonial history, the book is also directly relevant to the critical study of postcolonial India and colonial policing around the world. For this revised edition, the author has written a new Introduction setting out the scope of the work and placing it in the context of recent police studies.
650 ## - SUBJECT ADDED ENTRY--TOPICAL TERM
Topical term or geographic name entry element Police -- History -- India -- Tamil Nadu
9 (RLIN) 811175
650 ## - SUBJECT ADDED ENTRY--TOPICAL TERM
Topical term or geographic name entry element Police -- India -- Tamil Nadu -- History
9 (RLIN) 811176
942 ## - ADDED ENTRY ELEMENTS (KOHA)
Source of classification or shelving scheme Colon Classification (CC)
Koha item type Textual
Suppress in OPAC No
Holdings
Withdrawn status Lost status Source of classification or shelving scheme Damaged status Not for loan Home library Current library Date acquired Source of acquisition Inventory number Total Checkouts Full call number Barcode Date last seen Price effective from Koha item type
    Colon Classification (CC)     South Campus Library South Campus Library 2025-04-12 Govinda Book House 6527, 23/11/2024, INR 1150.00   V211:28'M R4 SC1690566 2025-04-12 2025-04-12 Textual
Copyright @ Delhi University Library System